[Event "AUTO-INT-2254"]
[Site "http://www.queenalice.com/game.php?id=1030220"]
[Date "2012.2.16"]
[Round "1"]
[White "daga2008"]
[Black "Elafsson"]
[Result "0-1"]
[WhiteElo "1524"]
[BlackElo "2005"]

1. e4 e5 2. Qh5 Nc6 3. c3 Nf6 4. Qe2 Bc5 5. Nh3 d5 6. b4 Bb6 7. Na3 Bxh3 8. gxh3
Nxe4 9. Bb2 Nxf2 10. Rg1 Qh4 11. Rg3 Ne4 12. O-O-O Nxg3 13. Qe1 Nf5 14. Qxh4
Nxh4 15. Bb5 O-O-O 16. Bxc6 bxc6 17. c4 Bd4 18. Bxd4 exd4 19. cxd5 Rxd5 20. Nc2
c5 21. bxc5 Rxc5 22. Kb1 d3 23. Ne1 Rd8 24. a3 Rd6 25. a4 Nf5 0-1

[Event "AUTO-OPEN-2613"]
[Site "http://www.queenalice.com/game.php?id=1030658"]
[Date "2012.2.17"]
[Round "1"]
[White "thewhitebishop"]
[Black "daga2008"]
[Result "1-0"]
[WhiteElo "1831"]
[BlackElo "1538"]

1. d4 d5 2. c4 dxc4 3. e4 b5 4. Nc3 Nh6 5. Nxb5 a6 6. Na3 Be6 7. d5 Bd7 8. Bxc4
Bg4 9. f3 Bc8 10. Bf4 e6 11. Qb3 Bxa3 12. Qxa3 exd5 13. Bxd5 Be6 14. Bxa8 g5 15.
Qc3 Rg8 16. Bxc7 1-0

[Event "AUTO-OPEN-2613"]
[Site "http://www.queenalice.com/game.php?id=1030659"]
[Date "2012.2.17"]
[Round "1"]
[White "daga2008"]
[Black "thewhitebishop"]
[Result "0-1"]
[WhiteElo "1534"]
[BlackElo "1835"]

1. e4 Nf6 2. f3 c5 3. Nh3 Nc6 4. c3 d6 5. Qe2 g6 6. Na3 a6 7. Qf2 Bxh3 8. gxh3
b5 9. Rg1 Bg7 10. d3 Qc7 11. Bd2 O-O-O 12. Bg5 h6 13. Bxf6 exf6 14. d4 c4 15.
Nc2 d5 0-1

[Event "AUTO-OPEN-2613"]
[Site "http://www.queenalice.com/game.php?id=1030701"]
[Date "2012.2.17"]
[Round "1"]
[White "daga2008"]
[Black "Henderb"]
[Result "0-1"]
[WhiteElo "1526"]
[BlackElo "1918"]

1. e4 e6 2. Nh3 d5 3. exd5 exd5 4. c4 Nf6 5. f3 Bd6 6. Be2 d4 7. Na3 Bxh3 8.
gxh3 Nbd7 9. Bd3 O-O 10. O-O Nc5 11. Be2 d3 12. Bxd3 Nxd3 0-1

[Event "AUTO-INT-2255"]
[Site "http://www.queenalice.com/game.php?id=1030804"]
[Date "2012.2.18"]
[Round "1"]
[White "daga2008"]
[Black "Danado"]
[Result "0-1"]
[WhiteElo "1541"]
[BlackElo "1654"]

1. e4 e5 2. Qh5 d6 3. Bc4 Qf6 4. Qf3 Qxf3 5. gxf3 Nf6 6. c3 Be6 7. Bxe6 fxe6 8.
Nh3 d5 9. exd5 exd5 10. Na3 Bxa3 11. bxa3 Nc6 12. Rg1 O-O-O 13. Ng5 Rdf8 14. Ne6
Rf7 15. Nxg7 Rg8 16. Ne6 Rxg1+ 17. Ke2 d4 18. Nc5 dxc3 19. dxc3 b6 20. Nd3 Nd5
21. c4 Nf4+ 22. Nxf4 Rxf4 23. Bxf4 Rxa1 24. Bg3 Rxa2+ 25. Ke1 Rxa3 26. Ke2 Nd4+
27. Kf1 Nxf3 28. Kg2 Kd7 29. h4 Ke6 30. h5 Nd2 31. Bh4 Nxc4 32. Bd8 Kd7 33. Bf6
b5 34. Bg7 b4 0-1

[Event "AUTO-INT-2255"]
[Site "http://www.queenalice.com/game.php?id=1030805"]
[Date "2012.2.18"]
[Round "1"]
[White "Danado"]
[Black "daga2008"]
[Result "1-0"]
[WhiteElo "1665"]
[BlackElo "1530"]

1. e4 e6 2. d4 d5 3. e5 Na6 4. Bxa6 bxa6 5. Nf3 f6 6. O-O Bd7 7. Nc3 Qb8 8. b3
Bb4 9. Bb2 Bxc3 10. Bxc3 Ne7 11. exf6 gxf6 12. Nd2 Bb5 13. Re1 Qc8 14. Qg4 Rg8
15. Qh5+ Kd8 16. Qxh7 Re8 17. Qh3 f5 18. Nf3 Rg8 19. g3 Kd7 20. a4 Bc6 21. Ne5+
Kd8 22. Qh6 Be8 23. Bb4 Qd7 24. Nxd7 Bxd7 25. Qh7 Re8 26. Bxe7+ Rxe7 27. Qh4 c6
28. Re3 Be8 29. Qf6 Bd7 30. Rae1 Rb8 31. Rf3 Rb4 32. Qf8+ Be8 33. Rxe6 Rxe6 34.
Qxb4 Re2 35. Rxf5 1-0

[Event "AUTO-INT-2255"]
[Site "http://www.queenalice.com/game.php?id=1030806"]
[Date "2012.2.18"]
[Round "1"]
[White "daga2008"]
[Black "Clausimausi"]
[Result "0-1"]
[WhiteElo "1531"]
[BlackElo "1568"]

1. e4 e5 2. c3 Nc6 3. g3 Nf6 4. f3 d5 5. Bh3 Bxh3 6. Nxh3 d4 7. O-O Qd7 8. Na3
dxc3 9. bxc3 Qxh3 10. Rf2 Be7 11. Qf1 Qxf1+ 12. Rxf1 a6 13. g4 Bc5+ 14. Kh1 O-O
15. d3 Rfd8 16. Bg5 Bxa3 17. Rfd1 Bb2 18. Rab1 Bxc3 19. Rb3 Bd4 20. Rxb7 Bb6 21.
Rxb6 Nd4 22. Rb2 Ne6 23. Bxf6 gxf6 24. h3 Nd4 25. Rb7 Nxf3 26. Rxc7 Rd4 27. Rc6
Kg7 28. Kg2 Ng5 29. Rc3 Rad8 30. Rc6 Nxe4 31. Rxa6 Rxd3 32. Rb1 R8d4 33. a4 Rd2+
34. Kf3 Rf2+ 0-1

[Event "AUTO-INT-2255"]
[Site "http://www.queenalice.com/game.php?id=1030807"]
[Date "2012.2.18"]
[Round "1"]
[White "Clausimausi"]
[Black "daga2008"]
[Result "1-0"]
[WhiteElo "1583"]
[BlackElo "1516"]

1. e4 e5 2. Nf3 Qe7 3. Nc3 c6 4. Bc4 b5 5. Be2 Nh6 6. O-O Ba6 7. Re1 b4 8. Nb1
Bxe2 9. Rxe2 Qd8 10. d4 d6 11. c3 bxc3 12. dxe5 cxb2 13. Bxb2 dxe5 14. Rd2 Qb6
15. Nxe5 Be7 16. Nc4 Qc7 17. Bxg7 Rg8 18. Bxh6 Rg6 19. Be3 Nd7 20. Nc3 Nf6 21.
e5 Ng4 22. Bf4 Bg5 23. Nd6+ Kf8 24. Qxg4 Bxf4 25. Qe2 Bxd2 26. Nde4 Bf4 27. Nd6
f6 28. Nce4 Bxe5 29. Rd1 Rd8 30. Qh5 Bxd6 31. Rc1 Re8 32. Nxd6 Qxd6 33. Qxh7 Rg7
34. Qh6 Qd5 35. Qh8+ 1-0

[Event "AUTO-OPEN-2612"]
[Site "http://www.queenalice.com/game.php?id=1081901"]
[Date "2012.7.12"]
[Round "2"]
[White "LAIRE"]
[Black "daga2008"]
[Result "1-0"]
[WhiteElo "2159"]
[BlackElo "1535"]

1. d4 d5 2. c4 dxc4 3. Nf3 Nc6 4. e3 b5 5. a4 bxa4 6. Bxc4 f6 7. Qxa4 Bd7 8. Bb5
Nb8 9. Bxd7+ Qxd7 10. Nc3 c6 11. O-O e6 12. e4 Ne7 13. Re1 Nc8 14. d5 exd5 15.
exd5+ Be7 16. Bf4 1-0

[Event "AUTO-OPEN-2612"]
[Site "http://www.queenalice.com/game.php?id=1081902"]
[Date "2012.7.12"]
[Round "2"]
[White "daga2008"]
[Black "LAIRE"]
[Result "0-1"]
[WhiteElo "1533"]
[BlackElo "2160"]

1. e4 e6 2. Nh3 d5 3. Qe2 dxe4 4. Qxe4 Nf6 5. Qe2 Bd6 6. f3 O-O 7. c3 e5 8. Qf2
Re8 9. Na3 Bxh3 10. gxh3 e4 11. Be2 Nbd7 12. Rg1 Bc5 13. d4 exd3 14. Qg2 Bxg1
15. Qxg1 Rxe2+ 0-1

[Event "AUTO-OPEN-2612"]
[Site "http://www.queenalice.com/game.php?id=1081915"]
[Date "2012.7.12"]
[Round "2"]
[White "daga2008"]
[Black "ghina96"]
[Result "0-1"]
[WhiteElo "1567"]
[BlackElo "2008"]

1. e4 e5 2. f3 Nf6 3. Na3 Nc6 4. c3 Bc5 5. b4 Bb6 6. b5 Ne7 7. c4 O-O 8. Ne2 d5
9. exd5 c6 10. g4 cxd5 0-1

[Event "AUTO-OPEN-2612"]
[Site "http://www.queenalice.com/game.php?id=1081916"]
[Date "2012.7.12"]
[Round "2"]
[White "ghina96"]
[Black "daga2008"]
[Result "1-0"]
[WhiteElo "2010"]
[BlackElo "1565"]

1. e4 e5 2. Bc4 Qe7 3. Nf3 f6 4. d3 d6 5. O-O Na6 6. Nc3 c6 7. Be3 b5 8. Bb3 b4
9. Ne2 Be6 10. Bxe6 Qxe6 11. d4 1-0